SETHI'S QUANTITATIVE ANALYSIS OF PHARMACEUTICAL FORMULATIONS METHODS WITH REACTION MECHANISM VOL 4 (Record no. 756630)

MARC details
000 -LEADER
fixed length control field 00538nam a2200193Ia 4500
008 - FIXED-LENGTH DATA ELEMENTS--GENERAL INFORMATION
fixed length control field 230725s2012 xx 000 0 und d
041 ## - LANGUAGE CODE
Language code of text/sound track or separate title eng
082 ## - DEWEY DECIMAL CLASSIFICATION NUMBER
Classification number 615.19
Item number SET
100 ## - MAIN ENTRY--PERSONAL NAME
Personal name SETHI P. D.
245 ## - TITLE STATEMENT
Title SETHI'S QUANTITATIVE ANALYSIS OF PHARMACEUTICAL FORMULATIONS METHODS WITH REACTION MECHANISM VOL 4
250 ## - EDITION STATEMENT
Edition statement 4TH
260 ## - PUBLICATION, DISTRIBUTION, ETC.
Place of publication, distribution, etc. NEW DELHI
Name of publisher, distributor, etc. CBS PUBLICATION & DISTRIBUTORS
Date of publication, distribution, etc. 2012
300 ## - PHYSICAL DESCRIPTION
Extent 462
365 ## - TRADE PRICE
Tax rate 1 10
500 ## - GENERAL NOTE
General note TEXT BOOK
501 ## - WITH NOTE
With note PQA
520 ## - SUMMARY, ETC.
Summary, etc. HB
650 ## - SUBJECT ADDED ENTRY--TOPICAL TERM
Topical term or geographic name entry element PHARMACEUTICAL QUALITY ASSURANCE

No items available.